00805nam a22002177a 450000500170000001000150001702000260003203500140005803700130007208200120008510000280009724500830012526000490020827000760025730000190033370000320035270000230038494200260040799900190043395201350045220230920122318.0 aENG-138163 a9789394246034c730.00 aEN-121695 bDBAD/PUB a624.183 aKalyan, V. Vamsi957080 aPre Stressed Concrete/cBy V. Vamsi Kalyan; J. K. Sandhya Kiran and K. Chaitra aHyderabadbM/s SriKrishna Techno Booksc2023 a7-1-277/242, 2nd Floor, Near BK Guda Park, S R NagarbHyderabade500038 a256c25cm(pbk) aKiran, J. K. Sandhya956902 aChaitra, K.956981 2ddccENh624.183mKAL c198386d198386 001040708NFICaDBADbMd2023-09-19eDBAD/PUBg730.00l0o624.183 KALpEN-121695r2023-09-19 00:00:00t1v730.00w2023-09-19yEN